Kisah di sebalik wahyu Ilahi

Bibliographic Details
Main Author: Ahmad Muhamad Jamal
Other Authors: Abd. Wahhab Al-Alim
Format: Book
Published: Kuala Lumpur : Jasmin Enterprise , 1994
Subjects:

MARC

LEADER 00000cam a2200000 7i4500
001 0000008919
002 000009719
005 20000330.0
020 |a 9839045261 
090 0 0 |a 297   |b AHM 
100 0 |a Ahmad Muhamad Jamal 
245 1 0 |a Kisah di sebalik wahyu Ilahi   |c Ahmad Muhamad Jamal ; diselenggarakan oleh Abd. Wahhab Al-Alim 
260 |a Kuala Lumpur :   |b Jasmin Enterprise ,   |c 1994 
300 |a 258p. ;   |c 21cm. 
650 0 0 |a Islamic stories 
700 0 |a Abd. Wahhab Al-Alim 
999 |a 043964   |b BUKU   |c PINJAMAN   |e PERPUSTAKAAN KOMUNITI PETALING JAYA